000 00656nam a22001937a 4500
005 20251108171215.0
008 250721s1985 xx 000 0 ara d
082 1 4 _aط/ق/محا
100 1 _aالمحامي، محمد كامل حسن
245 1 0 _aطلاق زوجات النبي :
_bمحمد صلى الله عليه و سلم /
264 1 _aبيروت :
_bمنشورات المكتب العالمي،
_c1985.
300 _a128ص
490 0 _aقصص من القرآن الكريم
650 1 7 _aأدب الأطفال
650 1 7 _aقصص الأطفال
653 _aناشئون صغار (10-14) سنة
942 _2ddc
_cBK
999 _c59331
_d59331